| 000 | 00441nam a2200157 i 4500 | ||
|---|---|---|---|
| 001 | 29195 | ||
| 003 | ES-MaACL | ||
| 005 | 20230906154004.0 | ||
| 007 | t| | ||
| 008 | 030121s1962 sp ||||1| spa d | ||
| 100 | 1 |
_aBallara y Abaya, Juan. _924969 |
|
| 245 | 1 | 3 |
_aLa tía _b: comedia original / _cJoan Ballara y Abaya. |
| 260 |
_aBarcelona : _bMillá, _c[1962] |
||
| 300 |
_a54 p., 1 lám. ; _c18 cm. |
||
| 852 |
_aES-MaACL _jC-30546 _bR.70045 |
||
| 999 |
_c29195 _d29195 |
||